[Event "Titled Tuesday intern op 19th Sep Early"]
[Site "Chess.com INT"]
[Date "2023.09.19"]
[Round "3"]
[White "Shubenkova, Veronika"]
[Black "Lenaerts, Lennert"]
[Result "0-1"]
[WhiteElo "2008"]
[BlackElo "2357"]
[PlyCount "88"]
[EventDate "2023.09.19"]
[EventType "swiss (blitz)"]
[EventRounds "11"]
[EventCountry "USA"]
[SourceTitle "EXT 2024"]
[Source "ChessBase"]
[SourceDate "2023.10.10"]
[SourceVersion "1"]
[SourceVersionDate "2023.10.10"]
[SourceQuality "1"]

1. e4 e5 2. Nf3 Nc6 3. Bb5 g6 4. 0-0 Bg7 5. c3 d6 6. h3 Nf6 7. Re1 Bd7 8. d4 0-0 9. d5 Ne7 10. Bd3 h6 11. c4 Nh5 12. Nc3 a6 13. a3 Qe8 14. b4 f5 15. c5 Nf6 16. Bb2 Kh8 17. a4 f4 18. b5 a5 19. c6 Bc8 20. cxb7 Bxb7 21. Rc1 g5 22. Nh2 h5 23. Be2 Qg6 24. f3 Bc8 25. Nb1 Ne8 26. Qd3 Rg8 27. Nd2 Bf6 28. Rc3 Bd7 29. Rec1 Ra7 30. Kf1 Rg7 31. Ke1 Ng8 32. Kd1 Nh6 33. Kc2 g4 34. hxg4 hxg4 35. fxg4 Nxg4 36. Nxg4 Bxg4 37. Rh1+ Kg8 38. Bf3 Bd8 39. Qe2 Nf6 40. Bc1 Nxd5 41. Qc4 Be6 42. Bh5 Nb4+ 43. Qxb4 axb4 44. Bxg6 bxc3 0-1

[Event "Titled Tuesday intern op 12th Sep Early"]
[Site "Chess.com INT"]
[Date "2023.09.12"]
[Round "3"]
[White "Lagarde, Maxime"]
[Black "Lenaerts, Lennert"]
[Result "1-0"]
[WhiteElo "2607"]
[BlackElo "2357"]
[PlyCount "99"]
[EventDate "2023.09.12"]
[EventType "swiss (blitz)"]
[EventRounds "11"]
[EventCountry "USA"]
[SourceTitle "EXT 2024"]
[Source "ChessBase"]
[SourceDate "2023.10.10"]
[SourceVersion "1"]
[SourceVersionDate "2023.10.10"]
[SourceQuality "1"]

1. d4 d5 2. Nf3 Nf6 3. Bf4 c5 4. e3 e6 5. Nbd2 Bd6 6. dxc5 Bxc5 7. c4 Nc6 8. Be2 0-0 9. 0-0 Bd6 10. Bg5 h6 11. Bh4 b6 12. cxd5 exd5 13. Nb3 Be7 14. Nbd4 Nxd4 15. Nxd4 Bb7 16. Rc1 Ne4 17. Bxe7 Qxe7 18. Qa4 a6 19. Rc2 Rac8 20. Rfc1 Rxc2 21. Rxc2 b5 22. Qa5 Rc8 23. Rxc8+ Bxc8 24. f3 Nd6 25. Qc3 b4 26. Qc1 a5 27. g3 Bd7 28. Kf2 h5 29. h4 Nf5 30. Nxf5 Bxf5 31. Qd2 Qe5 32. a3 Qd6 33. Qd4 bxa3 34. bxa3 Qxa3 35. Qxd5 g6 36. g4 hxg4 37. fxg4 Be6 38. Qd8+ Kh7 39. h5 Qc5 40. Qf6 gxh5 41. Bd3+ Kg8 42. g5 Qd6 43. Be2 h4 44. Bf3 Qd2+ 45. Kg1 Qe1+ 46. Kh2 Qg3+ 47. Kh1 Qe1+ 48. Kh2 Qxe3 49. Qd8+ Kh7 50. g6+ 1-0

[Event "Titled Tuesday intern op 12th Sep Late"]
[Site "Chess.com INT"]
[Date "2023.09.12"]
[Round "2"]
[White "Lenaerts, Lennert"]
[Black "Doluhanova, Evgeniya"]
[Result "1-0"]
[WhiteElo "2357"]
[BlackElo "2230"]
[PlyCount "97"]
[EventDate "2023.09.12"]
[EventType "swiss (blitz)"]
[EventRounds "11"]
[EventCountry "USA"]
[SourceTitle "EXT 2024"]
[Source "ChessBase"]
[SourceDate "2023.10.10"]
[SourceVersion "1"]
[SourceVersionDate "2023.10.10"]
[SourceQuality "1"]

1. d4 Nf6 2. c4 e6 3. Nc3 Bb4 4. g3 0-0 5. Bg2 d5 6. Nf3 b6 7. 0-0 Ba6 8. cxd5 exd5 9. Bg5 Bxc3 10. bxc3 Nbd7 11. Ne5 h6 12. Nxd7 Qxd7 13. Bxf6 gxf6 14. e4 Bxf1 15. Kxf1 Rfe8 16. exd5 Qf5 17. c4 Re7 18. d6 Re4 19. Qf3 Qxf3 20. Bxf3 f5 21. Bxe4 fxe4 22. dxc7 Rc8 23. Rc1 Rxc7 24. Ke2 f5 25. Ke3 Kf7 26. d5 Kf6 27. Kd4 Rc5 28. h4 h5 29. a3 Ra5 30. c5 Ra4+ 31. Rc4 bxc5+ 32. Kxc5 Rxa3 33. Kc6 Rd3 34. Rc5 Rd2 35. Kc7 Rxf2 36. d6 e3 37. d7 Rd2 38. d8Q+ Rxd8 39. Kxd8 e2 40. Rc1 f4 41. gxf4 Kf5 42. Re1 Kxf4 43. Rxe2 a5 44. Ke7 a4 45. Kd6 Kg3 46. Ke5 a3 47. Ke4 Kxh4 48. Kf3 Kg5 49. Ra2 1-0

[Event "Titled Tuesday intern op 05th Sep Early"]
[Site "Chess.com INT"]
[Date "2023.09.05"]
[Round "7"]
[White "Fernandez Guillen, Ernesto J"]
[Black "Lenaerts, Lennert"]
[Result "1/2-1/2"]
[WhiteElo "2469"]
[BlackElo "2357"]
[PlyCount "99"]
[EventDate "2023.09.05"]
[EventType "swiss (blitz)"]
[EventRounds "11"]
[EventCountry "USA"]
[SourceTitle "EXT 2024"]
[Source "ChessBase"]
[SourceDate "2023.10.10"]
[SourceVersion "1"]
[SourceVersionDate "2023.10.10"]
[SourceQuality "1"]

1. e4 e5 2. Nf3 Nc6 3. d4 exd4 4. Bc4 Nf6 5. 0-0 Nxe4 6. Re1 d5 7. Bxd5 Qxd5 8. Nc3 Qh5 9. Nxe4 Be6 10. Bg5 Bd6 11. Bf6 Bxh2+ 12. Nxh2 Qxd1 13. Raxd1 gxf6 14. Nxf6+ Ke7 15. Nh5 Rae8 16. Nf3 Rd8 17. Nf4 Kf6 18. Nh5+ Kg6 19. Nf4+ Kf6 20. Nxe6 fxe6 21. Re4 e5 22. a3 b5 23. g3 Rd5 24. Kg2 Rc5 25. Rh1 h5 26. Re2 b4 27. Nd2 Kf5 28. Ne4 Ra5 29. axb4 Nxb4 30. f3 Ra2 31. g4+ Kg6 32. c3 Nd5 33. Rd2 Nf4+ 34. Kg3 d3 35. Nc5 Rb8 36. Rhh2 Ne2+ 37. Kf2 hxg4 38. fxg4 Nxc3 39. Ke3 Rbxb2 40. Rxb2 Rxb2 41. Rxb2 Nd1+ 42. Kxd3 Nxb2+ 43. Ke4 Nc4 44. Kd5 Ne3+ 45. Kxe5 Nxg4+ 46. Kd5 Kf5 47. Kc6 a5 48. Kxc7 Ke5 49. Kb6 Kd5 50. Kxa5 1/2-1/2

[Event "Titled Tuesday intern op 05th Sep Early"]
[Site "Chess.com INT"]
[Date "2023.09.05"]
[Round "11"]
[White "Gharibyan, Mamikon"]
[Black "Lenaerts, Lennert"]
[Result "1-0"]
[WhiteElo "2495"]
[BlackElo "2357"]
[PlyCount "91"]
[EventDate "2023.09.05"]
[EventType "swiss (blitz)"]
[EventRounds "11"]
[EventCountry "USA"]
[SourceTitle "EXT 2024"]
[Source "ChessBase"]
[SourceDate "2023.10.10"]
[SourceVersion "1"]
[SourceVersionDate "2023.10.10"]
[SourceQuality "1"]

1. d4 d5 2. Nf3 Nf6 3. c3 Bf5 4. Qb3 Qc8 5. c4 e6 6. Nc3 c6 7. Bf4 Nbd7 8. e3 Be7 9. Rc1 0-0 10. h3 h6 11. Be2 Ne4 12. cxd5 Nxc3 13. bxc3 exd5 14. a4 Nf6 15. 0-0 Rd8 16. c4 Bd6 17. cxd5 Nxd5 18. Bxd6 Rxd6 19. Ne5 Qc7 20. Bf3 Nf6 21. Rfe1 Rdd8 22. a5 a6 23. Re2 Be4 24. Rb2 Bxf3 25. Nxf3 Qxa5 26. Qxb7 Rac8 27. Ne5 Rc7 28. Qb6 Qxb6 29. Rxb6 Rdc8 30. Rcxc6 Rxc6 31. Nxc6 Ra8 32. Na5 Kf8 33. g4 Nd5 34. Rd6 Nf6 35. f3 Ke7 36. Rc6 Kd7 37. e4 h5 38. Kf2 hxg4 39. hxg4 Ne8 40. Ke3 Nc7 41. d5 Rb8 42. Nc4 Rb3+ 43. Kd4 f6 44. f4 Nb5+ 45. Kc5 Rc3 46. Rxa6 1-0

[Event "Titled Tuesday intern op 05th Sep Early"]
[Site "Chess.com INT"]
[Date "2023.09.05"]
[Round "2"]
[White "Kovalev, Vladislav"]
[Black "Lenaerts, Lennert"]
[Result "1-0"]
[WhiteElo "2582"]
[BlackElo "2357"]
[PlyCount "107"]
[EventDate "2023.09.05"]
[EventType "swiss (blitz)"]
[EventRounds "11"]
[EventCountry "USA"]
[SourceTitle "EXT 2024"]
[Source "ChessBase"]
[SourceDate "2023.10.10"]
[SourceVersion "1"]
[SourceVersionDate "2023.10.10"]
[SourceQuality "1"]

1. e4 e5 2. Nf3 Nc6 3. Bb5 a6 4. Ba4 Nf6 5. 0-0 Be7 6. d3 b5 7. Bb3 0-0 8. Nc3 d6 9. a3 Be6 10. Nd5 Na5 11. Nxf6+ Bxf6 12. Bxe6 fxe6 13. b4 Nc6 14. c3 Qd7 15. a4 d5 16. Be3 Rfd8 17. Qb3 Kh8 18. Ra2 dxe4 19. dxe4 Qd3 20. axb5 axb5 21. Rxa8 Rxa8 22. Qxe6 Ne7 23. Nxe5 Bxe5 24. Qxe5 Ng6 25. Qd4 Qc2 26. g3 Re8 27. Rd1 h5 28. Qd3 Qxd3 29. Rxd3 Rxe4 30. f3 Rc4 31. Rd8+ Kh7 32. Bd4 Ne7 33. Rd7 Nf5 34. Be5 c5 35. Rc7 cxb4 36. Rxc4 bxc4 37. cxb4 Ne3 38. b5 Nd5 39. Kf2 Kg8 40. Bd4 c3 41. Ke2 Kf7 42. Kd3 g5 43. Bxc3 g4 44. f4 Ke6 45. Bd4 h4 46. b6 Kd7 47. f5 hxg3 48. hxg3 Kc6 49. Ke4 Ne7 50. f6 Ng6 51. Kf5 Nf8 52. Kxg4 Kd5 53. Bb2 Nd7 54. Kf5 1-0

[Event "Titled Tuesday intern op 05th Sep Early"]
[Site "Chess.com INT"]
[Date "2023.09.05"]
[Round "4"]
[White "Lenaerts, Lennert"]
[Black "Henriquez Villagra, Cristobal"]
[Result "1/2-1/2"]
[WhiteElo "2357"]
[BlackElo "2630"]
[PlyCount "146"]
[EventDate "2023.09.05"]
[EventType "swiss (blitz)"]
[EventRounds "11"]
[EventCountry "USA"]
[SourceTitle "EXT 2024"]
[Source "ChessBase"]
[SourceDate "2023.10.10"]
[SourceVersion "1"]
[SourceVersionDate "2023.10.10"]
[SourceQuality "1"]

1. d4 d6 2. c4 g6 3. e4 Bg7 4. Nc3 e5 5. Nge2 Nf6 6. f3 0-0 7. Be3 c6 8. Qd2 exd4 9. Nxd4 d5 10. cxd5 cxd5 11. e5 Nfd7 12. f4 Nc6 13. Be2 Nb6 14. 0-0 f6 15. exf6 Qxf6 16. Rad1 Re8 17. Bf2 Bd7 18. Rfe1 Rad8 19. b3 Kh8 20. Bf3 Rxe1+ 21. Qxe1 Qxf4 22. Nde2 Qf6 23. Nxd5 Nxd5 24. Bxd5 Re8 25. Qd2 Bg4 26. Re1 Qd6 27. Nc3 Rd8 28. Qc1 Qb4 29. Bxc6 bxc6 30. Ne4 Be6 31. Ng5 Bd5 32. Bxa7 Qg4 33. Qd2 Kg8 34. h3 Qd7 35. Bf2 Bh6 36. Be3 Re8 37. Nf3 Bf8 38. Bf2 Rxe1+ 39. Nxe1 Qf5 40. Bd4 Qe4 41. Qe3 Qf5 42. Qe5 Qxe5 43. Bxe5 Kf7 44. Nd3 Ke6 45. Bc3 Kf5 46. Kf2 Ke4 47. Ke2 Kf5 48. g4+ Ke4 49. Bd2 h5 50. Nf2+ Ke5 51. gxh5 gxh5 52. Bc3+ Kf4 53. Nd3+ Kg3 54. a4 Bxb3 55. a5 Bc4 56. Ke3 Kxh3 57. Ne5 Bb5 58. a6 Bxa6 59. Nxc6 Kg2 60. Ne5 h4 61. Ng6 Bh6+ 62. Ke4 h3 63. Be5 Bg5 64. Nf4+ Kg3 65. Ne6+ Kg4 66. Nxg5 Kxg5 67. Ke3 Kg4 68. Bh2 Kh4 69. Kf2 Kg4 70. Bg3 Kh5 71. Bh2 Kg4 72. Bg3 Kh5 73. Bh2 Kg4 1/2-1/2

[Event "Titled Tuesday intern op 05th Sep Late"]
[Site "Chess.com INT"]
[Date "2023.09.05"]
[Round "5"]
[White "Lenaerts, Lennert"]
[Black "Ibarra Jerez, Jose Carlos"]
[Result "0-1"]
[WhiteElo "2357"]
[BlackElo "2563"]
[PlyCount "88"]
[EventDate "2023.09.05"]
[EventType "swiss (blitz)"]
[EventRounds "11"]
[EventCountry "USA"]
[SourceTitle "EXT 2024"]
[Source "ChessBase"]
[SourceDate "2023.10.10"]
[SourceVersion "1"]
[SourceVersionDate "2023.10.10"]
[SourceQuality "1"]

1. d4 Nf6 2. c4 d6 3. Nc3 e5 4. d5 Bf5 5. f3 e4 6. g4 Bg6 7. g5 Nh5 8. Nxe4 h6 9. Qd4 Nd7 10. gxh6 Qh4+ 11. Qf2 Qe7 12. hxg7 Bxg7 13. Bg2 Ndf6 14. Ng3 Nd7 15. e4 Ne5 16. Qe2 Qh4 17. Be3 Nf4 18. Bxf4 Qxf4 19. Nh3 Nxf3+ 20. Qxf3 Qxf3 21. Bxf3 Rxh3 22. 0-0-0 Be5 23. Rdg1 Rh4 24. Nf5 Rxh2 25. Rxh2 Bxh2 26. Rh1 Be5 27. Bg4 Kf8 28. Kc2 Re8 29. b3 Kg8 30. Kd3 Bf6 31. Nh6+ Kf8 32. Nf5 a5 33. Rh6 Ra8 34. Bh5 Bg7 35. Rxg6 fxg6 36. Bxg6 a4 37. b4 a3 38. b5 b6 39. Ne3 Be5 40. Nc2 Ke7 41. Nb4 Rh8 42. Bf5 Rh2 43. Be6 Rb2 44. Na6 Rxa2 0-1

[Event "Titled Tuesday intern op 05th Sep Early"]
[Site "Chess.com INT"]
[Date "2023.09.05"]
[Round "10"]
[White "Tulchynskyi, Feliks"]
[Black "Lenaerts, Lennert"]
[Result "0-1"]
[WhiteElo "2228"]
[BlackElo "2357"]
[PlyCount "78"]
[EventDate "2023.09.05"]
[EventType "swiss (blitz)"]
[EventRounds "11"]
[EventCountry "USA"]
[SourceTitle "EXT 2024"]
[Source "ChessBase"]
[SourceDate "2023.10.10"]
[SourceVersion "1"]
[SourceVersionDate "2023.10.10"]
[SourceQuality "1"]

1. Nf3 d5 2. d3 Nf6 3. g3 Bg4 4. Bg2 Nbd7 5. 0-0 e5 6. c3 c6 7. Qc2 Qc7 8. e4 dxe4 9. dxe4 a5 10. h3 Bh5 11. Bg5 h6 12. Bxf6 Nxf6 13. Nbd2 Be7 14. a4 0-0 15. Nh4 Rfd8 16. g4 Bg6 17. Nxg6 fxg6 18. Rad1 Nd7 19. Nf3 Nc5 20. Qe2 Kh7 21. Qc4 b5 22. axb5 cxb5 23. Qxb5 Rab8 24. Qe2 Ne6 25. Rxd8 Rxd8 26. Qb5 Bf6 27. Qa4 Nf4 28. Rd1 Rb8 29. Qc2 Qb7 30. Rb1 g5 31. Bf1 Qd7 32. Ne1 h5 33. f3 Bd8 34. Kh2 Bb6 35. Nd3 Rf8 36. Rd1 Qa7 37. Nxe5 Bc7 38. Nd7 Ne2+ 39. f4 Qg1# 0-1

[Event "Titled Tuesday intern op 29th Aug Early"]
[Site "Chess.com INT"]
[Date "2023.08.29"]
[Round "2"]
[White "Lenaerts, Lennert"]
[Black "Durarbayli, Vasif"]
[Result "0-1"]
[WhiteElo "2301"]
[BlackElo "2631"]
[PlyCount "46"]
[EventDate "2023.08.29"]
[EventType "swiss (blitz)"]
[EventRounds "11"]
[EventCountry "USA"]
[SourceTitle "EXT 2024"]
[Source "ChessBase"]
[SourceDate "2023.10.10"]
[SourceVersion "1"]
[SourceVersionDate "2023.10.10"]
[SourceQuality "1"]

1. d4 Nf6 2. c4 e6 3. Nc3 Bb4 4. g3 c5 5. Nf3 cxd4 6. Nxd4 Ne4 7. Qd3 Nxc3 8. bxc3 Be7 9. Bg2 d6 10. 0-0 a6 11. Rd1 Nd7 12. Ba3 Qc7 13. Nb3 Ne5 14. Bxd6 Bxd6 15. Qxd6 Qxd6 16. Rxd6 Nxc4 17. Rd4 Ne5 18. Na5 Ra7 19. Rb1 b5 20. a4 bxa4 21. f4 Nd7 22. Rc4 0-0 23. Rb8 Nxb8 0-1

[Event "Titled Tuesday intern op 29th Aug Early"]
[Site "Chess.com INT"]
[Date "2023.08.29"]
[Round "9"]
[White "Mendonca, Leon Luke"]
[Black "Lenaerts, Lennert"]
[Result "0-1"]
[WhiteElo "2628"]
[BlackElo "2301"]
[PlyCount "128"]
[EventDate "2023.08.29"]
[EventType "swiss (blitz)"]
[EventRounds "11"]
[EventCountry "USA"]
[SourceTitle "EXT 2024"]
[Source "ChessBase"]
[SourceDate "2023.10.10"]
[SourceVersion "1"]
[SourceVersionDate "2023.10.10"]
[SourceQuality "1"]

1. e4 e5 2. Nf3 Nc6 3. Bc4 Bc5 4. d3 Nf6 5. c3 0-0 6. Bg5 h6 7. Bh4 Be7 8. 0-0 d6 9. a4 Be6 10. Bxe6 fxe6 11. Re1 Qe8 12. a5 a6 13. d4 exd4 14. cxd4 d5 15. Bxf6 Rxf6 16. Nc3 Rd8 17. exd5 exd5 18. Re3 Qf7 19. Qb3 Bb4 20. Rc1 Bxa5 21. Qxb7 Bb6 22. Ne2 Na5 23. Qxa6 Nc4 24. Rd3 Bxd4 25. Qa2 c5 26. Nexd4 cxd4 27. Rxd4 Rxf3 28. gxf3 Ne5 29. Rc3 Nxf3+ 30. Rxf3 Qxf3 31. Qa3 Qf6 32. Qd3 Qg5+ 33. Kf1 Qc1+ 34. Kg2 Qxb2 35. Rg4 Qf6 36. Rg6 Qe5 37. Rg3 Rf8 38. h3 Rf4 39. Qe3 Qxe3 40. Rxe3 Rf6 41. Re5 Rd6 42. Kf3 d4 43. Ke2 Kf7 44. Kd3 Kf6 45. Rc5 g5 46. Rb5 Kg6 47. Rc5 Kh5 48. f4 Kh4 49. fxg5 hxg5 50. Rf5 Rd8 51. Rf3 Rd7 52. Rf5 Rg7 53. Rf3 Rd7 54. Rf5 Re7 55. Kxd4 Re1 56. Kd3 Rh1 57. Ke2 Rxh3 58. Kf2 Kg4 59. Rb5 Ra3 60. Rb2 Kh3 61. Rb5 Ra2+ 62. Kg1 g4 63. Rf5 Ra1+ 64. Kf2 g3+ 0-1

[Event "BEL-ch"]
[Site "Bruges"]
[Date "2023.08.17"]
[Round "6"]
[White "Lenaerts, Lennert"]
[Black "Anciaux, Adrien"]
[Result "1-0"]
[WhiteElo "2301"]
[BlackElo "2282"]
[PlyCount "55"]
[EventDate "2023.08.12"]
[EventType "tourn"]
[EventRounds "9"]
[EventCountry "BEL"]
[EventCategory "3"]
[SourceTitle "CBM 215 Extra"]
[Source "ChessBase"]
[SourceDate "2023.09.30"]
[SourceVersion "1"]
[SourceVersionDate "2023.09.30"]
[SourceQuality "1"]

1. d4 Nf6 2. c4 e6 3. Nc3 d5 4. cxd5 exd5 5. Bg5 Nbd7 6. e3 c6 7. Bd3 Be7 8. Qc2 0-0 9. Nf3 h6 10. Bh4 Re8 11. 0-0 Ne4 12. Bxe7 Qxe7 13. Rab1 Ndf6 14. Ne2 Bf5 15. Ne5 g6 16. f4 Ng4 17. Nxg4 Bxg4 18. Rbe1 Nd6 19. Ng3 h5 20. Bxg6 fxg6 21. Qxg6+ Kf8 22. f5 Rad8 23. h3 h4 24. Rf4 Qf7 25. Qh6+ Ke7 26. Qxh4+ Kd7 27. Qxg4 Rg8 28. Qf3 1-0

[Event "Titled Tuesday intern op 25th Jul Early"]
[Site "Chess.com INT"]
[Date "2023.07.25"]
[Round "8"]
[White "Lenaerts, Lennert"]
[Black "Harsh, Suresh"]
[Result "0-1"]
[WhiteElo "2325"]
[BlackElo "2324"]
[PlyCount "70"]
[EventDate "2023.07.25"]
[EventType "swiss (blitz)"]
[EventRounds "11"]
[EventCountry "USA"]
[SourceTitle "EXT 2024"]
[Source "ChessBase"]
[SourceDate "2023.10.10"]
[SourceVersion "1"]
[SourceVersionDate "2023.10.10"]
[SourceQuality "1"]

1. d4 Nf6 2. c4 Nc6 3. Nf3 e6 4. Nc3 Bb4 5. Qc2 Qe7 6. Bd2 0-0 7. a3 Bxc3 8. Bxc3 d6 9. b4 e5 10. dxe5 Nxe5 11. Nxe5 dxe5 12. e3 b6 13. Be2 Bb7 14. 0-0 Rfd8 15. Rfd1 Qe6 16. f3 h5 17. Rxd8+ Rxd8 18. Rd1 Re8 19. Be1 e4 20. f4 Ba6 21. b5 Bc8 22. a4 Qe7 23. Qb3 Bg4 24. Bxg4 Nxg4 25. h3 Nh6 26. Bb4 Qe6 27. Qc3 h4 28. c5 Nf5 29. a5 Qa2 30. cxb6 cxb6 31. axb6 axb6 32. Qc6 Re6 33. Qc8+ Kh7 34. Re1 Rg6 35. Qxf5 Qxg2# 0-1

[Event "Titled Tuesday intern op 25th Jul Early"]
[Site "Chess.com INT"]
[Date "2023.07.25"]
[Round "7"]
[White "Movahed, Sina"]
[Black "Lenaerts, Lennert"]
[Result "1-0"]
[WhiteElo "2417"]
[BlackElo "2325"]
[PlyCount "71"]
[EventDate "2023.07.25"]
[EventType "swiss (blitz)"]
[EventRounds "11"]
[EventCountry "USA"]
[SourceTitle "EXT 2024"]
[Source "ChessBase"]
[SourceDate "2023.10.10"]
[SourceVersion "1"]
[SourceVersionDate "2023.10.10"]
[SourceQuality "1"]

1. e4 e5 2. Nf3 Nc6 3. Bb5 g6 4. 0-0 Bg7 5. c3 d6 6. d4 Bd7 7. Bg5 f6 8. Be3 Nh6 9. c4 Ng4 10. Bxc6 Bxc6 11. Nc3 Nxe3 12. fxe3 0-0 13. b4 exd4 14. exd4 f5 15. Qd3 fxe4 16. Nxe4 d5 17. Nc3 Kh8 18. c5 a6 19. Rae1 Qd7 20. Ne5 Rxf1+ 21. Qxf1 Bxe5 22. Rxe5 Re8 23. Qf6+ Kg8 24. Ne2 Rf8 25. Qh4 Qf7 26. h3 Bb5 27. Re7 Qf1+ 28. Kh2 Rf7 29. Rxf7 Qxf7 30. Nf4 Bc4 31. Qg5 Kf8 32. Qe5 Kg8 33. Ne6 Bxa2 34. Nxc7 Bc4 35. Ne8 Qf5 36. Qg7# 1-0

[Event "Titled Tuesday intern op 30th May Early"]
[Site "Chess.com INT"]
[Date "2023.05.30"]
[Round "7"]
[White "Baskakov, Egor"]
[Black "Lenaerts, Lennert"]
[Result "1-0"]
[WhiteElo "2215"]
[BlackElo "2360"]
[PlyCount "39"]
[EventDate "2023.05.30"]
[EventType "swiss (blitz)"]
[EventRounds "11"]
[EventCountry "USA"]
[SourceTitle "CBM 214 Extra"]
[Source "ChessBase"]
[SourceDate "2023.07.31"]
[SourceVersion "1"]
[SourceVersionDate "2023.07.31"]
[SourceQuality "1"]

1. e4 e5 2. Nc3 Nf6 3. g3 Bc5 4. Bg2 c6 5. Nge2 d5 6. exd5 Nxd5 7. Nxd5 cxd5 8. d4 exd4 9. Nxd4 0-0 10. 0-0 Bxd4 11. Qxd4 Be6 12. Bf4 Nc6 13. Qc5 Rc8 14. Rad1 Qf6 15. c3 Rfd8 16. Rfe1 d4 17. Bg5 Qf5 18. Qxf5 Bxf5 19. Bxd8 Rxd8 20. Bxc6 1-0

[Event "Titled Tuesday intern op 30th May Early"]
[Site "Chess.com INT"]
[Date "2023.05.30"]
[Round "2"]
[White "Lenaerts, Lennert"]
[Black "Nihal, Sarin"]
[Result "0-1"]
[WhiteElo "2360"]
[BlackElo "2673"]
[PlyCount "28"]
[EventDate "2023.05.30"]
[EventType "swiss (blitz)"]
[EventRounds "11"]
[EventCountry "USA"]
[SourceTitle "CBM 214 Extra"]
[Source "ChessBase"]
[SourceDate "2023.07.31"]
[SourceVersion "1"]
[SourceVersionDate "2023.07.31"]
[SourceQuality "1"]

1. d4 Nf6 2. c4 e6 3. Nc3 Bb4 4. g3 c5 5. Nf3 b6 6. Bg2 Bb7 7. 0-0 0-0 8. d5 Bxc3 9. bxc3 Re8 10. Re1 exd5 11. Nh4 Ne4 12. cxd5 Qf6 13. Bb2 Qxf2+ 14. Kh1 Qe3 0-1

[Event "Titled Tuesday intern op 16th May Early"]
[Site "Chess.com INT"]
[Date "2023.05.16"]
[Round "4"]
[White "Matlakov, Maxim"]
[Black "Lenaerts, Lennert"]
[Result "0-1"]
[WhiteElo "2662"]
[BlackElo "2360"]
[PlyCount "92"]
[EventDate "2023.05.16"]
[EventType "swiss (blitz)"]
[EventRounds "11"]
[EventCountry "USA"]
[SourceTitle "CBM 214 Extra"]
[Source "ChessBase"]
[SourceDate "2023.07.31"]
[SourceVersion "1"]
[SourceVersionDate "2023.07.31"]
[SourceQuality "1"]

1. d4 d5 2. Nf3 Nf6 3. e3 Bf5 4. c4 c6 5. Nc3 e6 6. Nh4 Be4 7. f3 Bg6 8. Qb3 Qc7 9. Bd2 Be7 10. g3 a6 11. Rc1 dxc4 12. Bxc4 b5 13. Be2 Nbd7 14. 0-0 c5 15. Nxg6 hxg6 16. Ne4 Nxe4 17. fxe4 0-0 18. a4 Rab8 19. axb5 axb5 20. Rfd1 Qb6 21. Be1 Rfd8 22. Bf2 Nf6 23. Bf3 c4 24. Qc2 Rbc8 25. Qe2 e5 26. Kg2 Re8 27. dxe5 Nh7 28. Rd5 Ng5 29. h4 Nxf3 30. Qxf3 b4 31. h5 c3 32. bxc3 bxc3 33. Rd3 Bb4 34. Rd4 Ba3 35. Rc2 Bb2 36. Rd6 Qb3 37. hxg6 fxg6 38. Qd1 Rxe5 39. Rxg6 Rce8 40. Qg4 Qb7 41. Kh2 Rxe4 42. Qe2 Ra4 43. Rg5 Qe4 44. Qh5 Ra1 45. Rxg7+ Kxg7 46. Qg5+ Qg6 0-1